000 00635nam a2200217Ia 4500
005 20230610095709.0
008 131103s9999 xx 000 0 und d
020 _aSBN 7100-6168-4
040 _aLoreto College
041 _aEnglish
082 _a808.2
_bBRE
100 _aBrereton, Geofrey
245 _aPrinciples of tragedy
_b a rational examination of the concept in life and literature
_cGeoffrey Brereton
260 _aLondon
_bRoutledge & Kegan Paul
_c1968
300 _aix, 284 p.
504 _aIncludes index
650 _aLiterature -
651 _aRhetoric -Drama - Tragedy -
850 _aLCLIB
942 _cBK
999 _c1087
_d51566